000 00671cab a2200229 4500
001 WB2812-38
008 090401t1992 xxu||||| |||| 00| 0 eng d
035 _a(Sirsi) u60053
041 _aeng
245 2 _aA European surveying firm
260 _c1992
350 _a0
490 _aEuropean
_v12 March 1992, 27(1)
520 _aA restructuring exercise at Healey and Baker will mean a single partnership for the firm throughout Europe.
650 _aABOUT RICS-RICS MEMBERS
650 _aEUROPE
650 _aHEALEY AND BAKER
650 _aPARTNERSHIP
690 _aMANAGEMENT-BUSINESS MANAGEMENT-PROFESSIONAL PRACTICE
942 _n0
948 _c04/03/1997
999 _c36979
_d36979